Komparácia úverových nástrojov bakalárska práca

Salvato in:
Dettagli Bibliografici
Autore principale: Lihaniová, Lucia
Ente Autore: Fakulta podnikového manažmentu EU. Katedra podnikových financií
Altri autori: Ponecová, Gabriela
Natura: Libro
Lingua:slovacco
Pubblicazione: Bratislava 2012
Tags: Aggiungi Tag
Nessun Tag, puoi essere il primo ad aggiungerne!!

MARC

LEADER 00000nbm a2200000 4500
001 0154134
005 20161109111822.9
041 0 |a slo 
044 |a SK 
245 1 0 |a Komparácia úverových nástrojov  |b bakalárska práca  |c Lucia Lihaniová ; školiteľ: Gabriela Ponecová 
264 1 |a Bratislava  |c 2012 
300 |a 46 s. 
100 1 |a Lihaniová, Lucia 
700 1 |a Ponecová, Gabriela 
710 2 |a Fakulta podnikového manažmentu EU. Katedra podnikových financií